000 00607nam a2200121Ia 4500
008 220615s9999||||xx |||||||||||||| ||und||
100 _aWeisiger, Alex
245 0 _aLogics of War
_bExplanations for Limited and Unlimited Conflicts
546 _aEnglish[eng]
650 _aPolitical Science||Adolf Hitler||Argentina||Germany||Paraguay||Unconditional surrender||United States
856 _uhttps://library.oapen.org/bitstream/20.500.12657/30789/1/642713.pdf||https://library.oapen.org/bitstream/20.500.12657/30789/1/642713.pdf||https://library.oapen.org/bitstream/20.500.12657/30789/1/642713.pdf
942 _cEB
999 _c11185
_d11185